| 000 | 00465nam a2200169Ia 4500 | ||
|---|---|---|---|
| 005 | 20240530013023.0 | ||
| 008 | 240331s9999 xx 000 0 und d | ||
| 082 |
_bBUN _a338.9 |
||
| 100 | _aBunch, Roland | ||
| 245 | 0 |
_aTwo ears of corn : _bA guide to people-centered agricultural improvement _cRoland Bunch |
|
| 250 | _a2 nd | ||
| 260 |
_aOklahoma _bWorld Neighbors _c1985 |
||
| 300 | _avii, 250 p ., | ||
| 650 | _aPolitical | ||
| 650 | _aAgricluture | ||
| 942 | _cL | ||
| 999 |
_c2770 _d2770 |
||